000 00621nam a2200145Ia 4500
008 100122s9999 xx 000 0 und d
082 _b50912
_a398.3
100 _aमयेकर भालचंद्र
245 _aभ्रामक कल्पना आणि वैज्ञानिक सत्य
260 _bमनोविकास प्रकाशन
_c1995
300 _a109
630 _aभ्रामक कल्पना आणि वैज्ञानिक सत्य
730 _aभ्रामक कल्पना आणि वैज्ञानिक सत्य
942 _cBOOK
999 _c428491
_d428488